000 00974cam a2200313 a 4500
001 16240208
003 OSt
005 20180918114814.0
008 100518s2011 maua 001 0 eng d
010 _a 2010928943
020 _a9780312624125 (pbk.)
020 _a0312624123 (pbk.)
035 _a(OCoLC)ocn696641985
040 _aCSG
_cCSG
_dBTCTA
_dDLC
042 _alccopycat
050 0 0 _aPE1417
_b.M48 2011
100 1 _aMeyer, Michael,
_d1945-
245 0 0 _aLiterature to go /
_cMichael Meyer.
260 _aBoston, MA :
_bBedford/St. Martins
_cc2011.
300 _axxxiii, 1035 p. :
_bill. ;
_c22 cm.
500 _aIncludes index.
650 0 _aCollege readers.
650 0 _aLiterature
_vCollections.
650 0 _aEnglish language
_xRhetoric.
730 0 _aBedford introduction to literature.
906 _a7
_bcbc
_ccopycat
_d3
_encip
_f20
_gy-gencatlg
942 _2lcc
_cBK
999 _c53596
_d53596